Normal view
MARC view
- ابن قيم الجوزية، أبي عبدالله محمد بن أبي بكر الزرعي
Entry Personal Name
001 - CONTROL NUMBER
- control field: 13610
003 - CONTROL NUMBER IDENTIFIER
- control field: JO-AjAnu
005 - DATE AND TIME OF LATEST TRANSACTION
- control field: 20230606072457.0
008 - FIXED-LENGTH DATA ELEMENTS
- fixed length control field: 230606|| aca||aabn | a|a d
040 ## - CATALOGING SOURCE
- Original cataloging agency: JO-AjAnu
- Transcribing agency: JO-AjAnu
100 ## - HEADING--PERSONAL NAME
- Personal name: ابن قيم الجوزية، أبي عبدالله محمد بن أبي بكر الزرعي
670 ## - SOURCE DATA FOUND
- Source citation: Work cat.: (JO-AjAnu)7001: ابن قيم الجوزية، أبي عبدالله محمد بن أبي بكر الزرعي, author, هداية الحيارى في أجوبة اليهود والنصارى